000 00613nam a2200181 a 4500
001 000013277
005 20240226144733.0
008 091123s1986 dr a 000 0 spa d
040 _aDO-SdBNP
_bspa
_cBNPHU
082 _axxx
_bJ826b
100 1 _aJorge Blanco, Salvador,
_d1926-2010
_930551
245 1 0 _aBatallas nacionales /
_cSalvador Jorge Blanco ; prólogo Manuel Antonio Cuervo Gómez.
260 _aSanto Domingo :
_bEdita Libros,
_c1986.
300 _a170 p. :
_bil. ;
_c24 cm.
500 _aIncluye notas al pie de las páginas
700 1 _aCuervo Gómez, Manuel Antonio,
_epról.
_923183
049 _aBNPD
999 _c12907
_d12907